000 01990nam0a22003731 4500
001 rc\284038
005 20250621015951.0
010 _a5-268-00983-4
_9100000
035 _a(NLR Aleph) 005512346
090 _a5420415
_c5420415
100 _a20030307d1990 |||y0rusy50 ca
101 0 _arus
102 _aRU
105 _aa |||||||||
200 1 _aПутешествие на "Тригле"
_eПовести и рассказы
_e[Для сред. шк. возраста]
_fС. Сахарнов
_g[Худож. М. Беломлинский]
210 _aМ.
_cСов. Россия
_d1990
215 _a236, [2] с.
_cил.
_d17
327 0 _aСодерж.: Повести: Путешествие на "Тригле"; Трепанголовы; Дом под водой; Рассказы: Осьминог на скале; Живые домики; Пиранья; Море под облаками; Девочка и рыба; Мокрый цирк; Город осьминогов, и др.
464 0 _12001#$aПутешествие на "Тригле"
_tПутешествие на "Тригле"
464 0 _12001#$aТрепанголовы
_tТрепанголовы
464 0 _12001#$aДом под водой
_tДом под водой
464 0 _12001#$aОсьминог на скале
_tОсьминог на скале
464 0 _12001#$aЖивые домики
_tЖивые домики
464 0 _12001#$aПиранья
_tПиранья
464 0 _12001#$aМоре под облаками
_tМоре под облаками
464 0 _12001#$aДевочка и рыба
_tДевочка и рыба
464 0 _12001#$aМокрый цирк
_tМокрый цирк
464 0 _12001#$aГород осьминогов
_tГород осьминогов
700 1 _aСахарнов
_bС.В.
_f1923-
_gСвятослав Владимирович
801 0 _aRU
_bNLR
_gpsbo
801 1 _aRU
_bELAR
_2rusmarc
852 _aNLR
_j90-2/51
942 _cBOOK
980 _aNB